000 00456nam a2200181Ia 4500
001 17605
005 20260306171529.0
008 260306s9999||||xx |||||||||||||| ||und||
041 _aESP
082 _a658.1
_bCH532
100 _aChávez Passano, Martha
_eAUT
245 0 _aPlanes de negocios:
_bun enfoque contable y financiero
260 _c2016
300 _a243 páginas :
_c22 cm.
650 _aGEN
654 _aCAN
942 _cLIB
_dJUS
_fJUS
_2ddc
_n
999 _c17605
_d17605